Liedtext - Leiser - LEA - Statistiken

Allgemein
  • Dieses Quiz wurde 522 mal gespielt
  • Das Durchschnittsergebnis liegt bei 239 aus 305
Antwortstatistiken
Textquiz % Korrekt
bin
98%
Ich
98%
ich
98%
leiser
98%
dir
95%
bei
94%
Freunde
94%
meine
94%
alle
93%
Alle
93%
dass
93%
Dass
93%
seit
91%
und
79%
Und
79%
finden
78%
Finden
78%
du
77%
Du
77%
Weil
73%
glücklich
72%
sag'
71%
den
70%
ob
68%
fragen
67%
in
65%
wie
64%
hab
62%
hab'
62%
nicht
59%
Nicht
59%
mich
57%
nur
57%
deinem
56%
von
56%
wieder
55%
Arm
54%
die
54%
Es
54%
lieg'
54%
mir
54%
redest
52%
schon
51%
Denn
49%
Mal
49%
mal
49%
wenn
49%
warum
47%
zu
47%
an
45%
New
45%
Partys
45%
ganz
44%
gemerkt
44%
Paris
44%
York
44%
ist
43%
sprichst
43%
doch
42%
hab's
42%
nie
42%
besten
41%
nebenbei
41%
Oh
41%
hierher
40%
verirrt
40%
Wien
40%
hörst
39%
jetzt
39%
verstanden
39%
Shootings
38%
deiner
36%
eigentlich
36%
Rave
36%
schmeißt
36%
Worte
36%
gefall'n
35%
kalt
35%
weiter
35%
fühl'
34%
Juli
34%
klar
34%
Mitte
34%
unendlich
33%
Handy
31%
Kippe
31%
ziehe
31%
einsam
29%
Ziehst
29%
Aha
27%
hängst
20%
Keine übereinstimmenden Quizze gefunden
Verteilung der Resultate
Anzahl Personen mit jedem Resultat
Perzentil nach korrekt beantworteten Fragen
Ihre Resultats-Entwicklung
Sie haben dieses Quiz noch nicht gespielt